Nazioni Miglior marcatore internazionale dell'anno IFFHS - Statistics

Statistiche generali
  • Questo quiz è stato fatto 11 volte
  • Il punteggio medio è 8 su 18
Statistiche sulle risposte
Continente Numero edizioni Edizioni vinte Nazione % Corretto
America del Sud 3 2011; 2012; 2022 Argentina
100%
America del Sud 4 1997; 2000; 2005; 2008 Brasile
100%
Europa 5 2013; 2014; 2016; 2017; 2019 Portogallo
100%
Europa 2 2015; 2021 Polonia
80%
Europa 1 1995 Germania
70%
Europa 2 1991; 2003 Francia
60%
Europa 1 1999 Spagna
60%
America del Sud 1 2006 Cile
40%
Asia 1 2009 Giappone
40%
Europa 2 1992; 2002 Paesi Bassi
40%
Asia 2 1996; 2004 Iran
30%
Asia 1 1993 Arabia Saudita
20%
Europa 1 2020 Belgio
20%
Africa 1 2018 Algeria
10%
Europa 1 1994 Bulgaria
10%
Asia 2 1998; 2010 Kuwait
10%
Africa 1 2007 Repubblica Democratica del Congo
10%
Asia 1 2001 Oman
0%
Nessun quiz corrispondente trovato
Distribuzione punteggi
Percentuale di utenti per punteggio
Percentile per numero di risposta
I tuoi punteggi nel tempo
Non hai fatto questo quiz